000 00495nam a22001937a 4500
003 CEME
005 20210628205303.0
008 210225b xxu||||| |||| 00| 0 eng d
020 _a0-471-04741-4
040 _c.
082 _a670 OST'M
100 _aOstwald, Phillip F Munoz, Jairo
_974777
245 _aManufacturing processes and stress
250 _a9TH
260 _aNEWYORK
_bJOHN WILEY
_c1996
300 _aXVII,782P
650 _aMANUFACTURING PROCESSES
_914649
942 _cBK
_2ddc
999 _c580278
_d580278